000 00577nam a2200193Ia 4500
005 20250923145050.0
008 008 250917s9999 xx 000 0 eng d
037 _aTextual
040 _aDSWL
_beng
_cDSWL
041 _aeng
_2eng
084 _aY112:45:6.73.N6d, K2
_qDSWL
245 0 _aInstitutions serving deliquent children
260 _bU.S. Departement of Health, Education and Welfae Childresio Bureau
_c1962
300 _axv,391p.
365 _aINR
_b45
925 _g45
942 _cTEXL
_hY112:45:6.73.N6d, K2
999 _c1446669
_d1446669